00874 a2200193 45000010006000000050017000060080041000230030015000640400040000790800124001192450026002432640036002693000019003055050261003240410008005851000036005937000026006297000025006555396520260407155810.0260407a1982 arg spa dAR-UNSa-BCEJYS aAR-UNSa-BCEJYSbspacAR-UNSa-BCEJYS a330.101xCiencia económica en general. La economía y sus problemas. Objeto y métodos de la economía política 10aEconomía política 1aBuenos Aires :bCrespilloc1982 a287 p.c23 cm. aI. La economía - II. La utilidad - III. El valor - IV. La producción - V. El trabajo - VI. El capital - VII. Los mercados - VIII. Los costos y los precios - IX. El dinero - X. Créditos y bancos - XI. El comercio exterior - XII. Política económica aspa1 aDagnino Pastore, José María1 aDe Pablo, Juan Carlos1 aSturzenegger, Adolfo